Online
Catalog

Teoría del lenguaje y lingüística general : (Record no. 11463)

MARC details
000 -CABECERA
campo de control de longitud fija 00834cam a2200229 a 4500
001 - NÚMERO DE CONTROL
campo de control 000011789
005 - FECHA Y HORA DE LA ÚLTIMA TRANSACCIÓN
campo de control 20200929162551.0
008 - DATOS DE LONGITUD FIJA--INFORMACIÓN GENERAL
campo de control de longitud fija 840814s1969 sp ad 000 0 spa
040 ## - FUENTE DE LA CATALOGACIÓN
Centro catalogador/agencia de origen DO-SdBNP
Lengua de catalogación spa
Centro/agencia transcriptor CarP
Centro/agencia modificador DLC
-- BNPHU
082 ## - NÚMERO DE LA CLASIFICACIÓN DECIMAL DEWEY
Número de clasificación 410
Número de documento/Ítem C834t, 1969
049 ## - FONDOS LOCALES (OCLC)
Fondos de biblioteca BNGR
100 1# - ENTRADA PRINCIPAL--NOMBRE DE PERSONA
Nombre de persona Coseriu, Eugenio.
Forma completa/desarrollada del nombre Eugen Coşeriu o Eugeniu Coşeriu,
Fechas asociadas al nombre 1921-2002.
9 (RLIN) 27895
245 10 - MENCIÓN DE TÍTULO
Título Teoría del lenguaje y lingüística general :
Resto del título cinco estudios /
Mención de responsabilidad, etc. Coseriu, Eugenio.
250 ## - MENCIÓN DE EDICIÓN
Mención de edición 2a ed.
260 ## - PUBLICACIÓN, DISTRIBUCIÓN, ETC.
Lugar de publicación, distribución, etc. Madrid :
Nombre del editor, distribuidor, etc. Gredos,
Fecha de publicación, distribución, etc. [1969].
300 ## - DESCRIPCIÓN FÍSICA
Extensión 323 p. :
Otras características físicas il., tab. ;
Dimensiones 21 cm.
490 1# - MENCIÓN DE SERIE
Mención de serie Biblioteca Romántica hispánica
Designación de volumen o secuencia 61
Mención de serie Estudios y Ensayos
650 #4 - PUNTO DE ACCESO ADICIONAL DE MATERIA--TÉRMINO DE MATERIA
Término de materia o nombre geográfico como elemento de entrada Lingüistica
9 (RLIN) 19041
650 #4 - PUNTO DE ACCESO ADICIONAL DE MATERIA--TÉRMINO DE MATERIA
Término de materia o nombre geográfico como elemento de entrada Lenguaje y lenguas
9 (RLIN) 407
830 #0 - PUNTO DE ACCESO ADICIONAL DE SERIE-TÍTULO UNIFORME
Título uniforme Biblioteca Romántica hispánica ;
Designación de volumen o secuencia 61,
Nombre de parte o sección de la obra Estudios y Ensayos.
9 (RLIN) 27896
910 ## - DATOS DE OPCIÓN DEL USUARIO (OCLC)
Datos de opción del usuario Catalogación derivada
Holdings
Estado de retiro Estado de pérdida Restricciones de uso No para préstamo Código de colección Localización permanente Ubicación/localización actual Ubicación en estantería Fecha de adquisición Número de inventario Total de préstamos Signatura topográfica completa Código de barras Fecha visto por última vez Precio válido a partir de Tipo de ítem Koha
    Préstamo interno   Monografías: Libros y Folletos General General En catalogación 27.10.2009 LF1   410 C834t, 1969 11789-10 25.06.2020 25.06.2020 Préstamo interno

Powered by Koha